[Event "TUR-chT Superleague 2018"]
[Site "Ankara"]
[Date "2018.07.29"]
[Round "5"]
[White "Shevchenko, Kirill"]
[Black "Ozenir, Ekin Baris"]
[Result "1-0"]
[WhiteElo "2554"]
[BlackElo "2300"]
[Annotator "ChessBase"]
[PlyCount "151"]
[EventDate "2018.07.25"]
[EventType "team-tourn"]
[EventCountry "TUR"]
[SourceTitle "playchess.com"]
[Source "ChessBase"]
[SourceQuality "1"]
[TimeControl "40/5400+30:1800+30"]

1. d4 {[%emt 0:00:30]} Nf6 {[%emt 0:01:00]} 2. c4 {[%emt 0:00:30]} e6 {[%emt 0:00:30]} 3. g3 {[%emt 0:00:00]} d5 {[%emt 0:00:30]} 4. Bg2 {[%emt 0:00:00]} Bb4+ {[%emt 0:00:30]} 5. Nd2 {[%emt 0:00:30]} O-O {[%emt 0:00:30]} 6. Ngf3 {[%emt 0:00:30]} b6 {[%emt 0:00:30]} 7. O-O {[%emt 0:00:30]} Bb7 {[%emt 0:00:30]} 8. b3 {[%emt 0:00:30]} c5 {[%emt 0:07:30]} 9. Bb2 {[%emt 0:04:30]} Nc6 {[%emt 0:04:30]} 10. Rc1 {[%emt 0:26:30]} Rc8 {[%emt 0:15:30]} 11. cxd5 {[%emt 0:04:30]} Nxd5 {[%emt 0:02:30]} 12. a3 {[%emt 0:02:30]} Bxd2 {[%emt 0:01:30]} 13. Qxd2 {[%emt 0:00:30]} Na5 {[%emt 0:03:30]} 14. Qd3 {[%emt 0:04:30]} Nf6 {[%emt 0:07:30]} 15. Nd2 {[%emt 0:10:30]} Bxg2 {[%emt 0:03:30]} 16. Kxg2 {[%emt 0:00:30]} Qe7 {[%emt 0:07:30]} 17. Nc4 {[%emt 0:05:30]} Nxc4 {[%emt 0:04:30]} 18. Rxc4 {[%emt 0:01:30]} Rfd8 {[%emt 0:02:30]} 19. Rfc1 {[%emt 0:03:30]} e5 {[%emt 0:03:30]} 20. Qf3 {[%emt 0:02:30]} exd4 {[%emt 0:04:30]} 21. Bxd4 {[%emt 0:00:30]} Nd7 {[%emt 0:06:30]} 22. b4 {[%emt 0:07:30]} Re8 {[%emt 0:04:14]} 23. bxc5 {[%emt 0:03:30]} bxc5 {[%emt 0:00:48]} 24. e3 {[%emt 0:01:00]} Qe4 {[%emt 0:03:26]} 25. Qxe4 {[%emt 0:02:01]} Rxe4 {[%emt 0:00:01]} 26. R4c3 {[%emt 0:00:15]} g6 {[%emt 0:06:39]} 27. Kf3 {[%emt 0:02:34]} f5 {[%emt 0:01:51]} 28. Ke2 {[%emt 0:02:45]} Rc6 {[%emt 0:03:11]} 29. f3 {[%emt 0:02:49]} cxd4 {[%emt 0:03:37]} 30. Rxc6 {[%emt 0:00:37]} Rxe3+ {[%emt 0:00:03]} 31. Kf1 {[%emt 0:00:34]} Rxf3+ {[%emt 0:02:23]} 32. Kg2 {[%emt 0:01:15]} Rxa3 {[%emt 0:00:43]} 33. Rd6 {[%emt 0:00:58]} Nf8 {[%emt 0:00:26]} 34. Rc7 {[%emt 0:01:53]} Rc3 {[%emt 0:01:02]} 35. Rxa7 {[%emt 0:00:17]} Rc8 {[%emt 0:00:00]} 36. Rxd4 {[%emt 0:01:00]} Rc2+ {[%emt 0:00:30]} 37. Kf3 {[%emt 0:02:21]} Rc3+ {[%emt 0:00:04]} 38. Ke2 {[%emt 0:02:01]} Rc2+ {[%emt 0:00:14]} 39. Ke1 {[%emt 0:00:43]} Rc1+ {[%emt 0:00:36]} 40. Kd2 {[%emt 0:00:00]} Rc6 {[%emt 0:00:42]} 41. Rb4 {[%emt 0:03:57]} Rf6 {[%emt 0:08:30]} 42. Rbb7 {[%emt 0:01:30]} h6 {[%emt 0:03:31]} 43. Rg7+ {[%emt 0:02:30]} Kh8 {[%emt 0:00:29]} 44. Ke3 {[%emt 0:03:30]} Ne6 {[%emt 0:07:53]} 45. Rh7+ {[%emt 0:03:30]} Kg8 {[%emt 0:00:05]} 46. Rxh6 {[%emt 0:00:00]} Ng5 {[%emt 0:04:41]} 47. Rh4 {[%emt 0:03:00]} Re6+ {[%emt 0:01:29]} 48. Kf2 {[%emt 0:01:30]} Nf7 {[%emt 0:03:49]} 49. Rb4 {[%emt 0:00:43]} Kg7 {[%emt 0:00:30]} 50. Rbb7 {[%emt 0:06:38]} Rf6 {[%emt 0:00:07]} 51. Kf3 {[%emt 0:01:27]} Kg8 {[%emt 0:00:43]} 52. Kg2 {[%emt 0:03:18]} Kg7 {[%emt 0:00:11]} 53. Re7 {[%emt 0:02:00]} Kg8 {[%emt 0:00:15]} 54. Kf2 {[%emt 0:00:15]} Kg7 {[%emt 0:00:21]} 55. Ke3 {[%emt 0:00:00]} Kg8 {[%emt 0:00:23]} 56. Rad7 {[%emt 0:00:18]} Kg7 {[%emt 0:00:18]} 57. h3 {[%emt 0:05:23]} Kg8 {[%emt 0:00:21]} 58. Kd4 {[%emt 0:00:00]} Kg7 {[%emt 0:00:49]} 59. Kd5 {[%emt 0:00:27]} f4 {[%emt 0:00:37]} 60. g4 {[%emt 0:00:45]} f3 {[%emt 0:00:46]} 61. Re1 {[%emt 0:00:23]} f2 {[%emt 0:00:30]} 62. Rf1 {[%emt 0:00:00]} Rf4 {[%emt 0:00:21]} 63. Ra7 {[%emt 0:01:50]} Kg8 {[%emt 0:01:10]} 64. Ra2 {[%emt 0:00:25]} Ng5 {[%emt 0:00:23]} 65. Raxf2 {[%emt 0:01:20]} Rxf2 {[%emt 0:00:16]} 66. Rxf2 {[%emt 0:00:30]} Nxh3 {[%emt 0:00:30]} 67. Ra2 {[%emt 0:00:00]} Kg7 {[%emt 0:00:45]} 68. Ke5 {[%emt 0:00:00]} Ng5 {[%emt 0:00:01]} 69. Ra7+ {[%emt 0:01:14]} Kh6 {[%emt 0:00:36]} 70. Re7 {[%emt 0:00:06]} Nh3 {[%emt 0:01:16]} 71. Kf6 {[%emt 0:00:42]} Ng5 {[%emt 0:00:19]} 72. Re3 {[%emt 0:02:39]} Nh7+ {[%emt 0:01:11]} 73. Kf7 {[%emt 0:00:09]} Kg5 {[%emt 0:01:42]} 74. Kg7 {[%emt 0:00:14]} Kxg4 {[%emt 0:01:01]} 75. Kxh7 {[%emt 0:00:06]} g5 {[%emt 0:00:25]} 76. Kg6 {[%emt 0:00:23]} 1-0

[Event "TUR-chT Superleague 2018"]
[Site "Ankara"]
[Date "2018.07.29"]
[Round "5"]
[White "Dastan, Muhammed Batuhan"]
[Black "Esen, Baris"]
[Result "1-0"]
[WhiteElo "2552"]
[BlackElo "2487"]
[Annotator "RC"]
[PlyCount "81"]
[EventDate "2018.07.25"]
[EventType "team-tourn"]
[EventCountry "TUR"]
[SourceTitle "playchess.com"]
[Source "ChessBase"]
[SourceQuality "1"]
[TimeControl "40/5400+30:1800+30"]

1. e4 {[%emt 0:00:30]} c5 {[%emt 0:01:00]} 2. Nf3 {[%emt 0:00:30]} d6 {[%emt 0:00:30]} 3. d4 {[%emt 0:00:30]} cxd4 {[%emt 0:00:30]} 4. Nxd4 {[%emt 0:00:30]} Nf6 {[%emt 0:00:30]} 5. Nc3 {[%emt 0:00:00]} a6 {[%emt 0:00:00]} 6. h4 {[%emt 0:00:00]} e5 {[%emt 0:01:00]} 7. Nb3 {[%emt 0:00:00]} Be7 {[%emt 0:00:00]} 8. Bg5 {[%emt 0:00:00]} Be6 {[%emt 0:01:00]} 9. Bxf6 {[%emt 0:00:00]} Bxf6 {[%emt 0:00:00]} 10. g3 {[%emt 0:00:00]} Be7 {[%emt 0:02:00]} 11. Qd2 {[%emt 0:00:00]} Nd7 {[%emt 0:00:30]} 12. O-O-O {[%emt 0:01:00]} Nb6 {[%emt 0:19:30]} 13. f4 {[%emt 0:09:30]} Rc8 {[%emt 0:05:30]} 14. f5 {[%emt 0:06:30]} Bd7 {[%emt 0:06:30]} 15. Kb1 {[%emt 0:02:30]} h5 {[%emt 0:08:30]} 16. Rh2 {[%emt 0:11:30]} Rh6 {[%emt 0:10:30]} 17. Rf2 {[%emt 0:04:30]} Kf8 {[%emt 0:07:30]} 18. Qe3 {[%emt 0:18:30]} Qc7 {[%emt 0:03:30]} 19. Qf3 {[%emt 0:10:30]} Bc6 {[%emt 0:01:30]} 20. Nd5 {[%emt 0:01:30]} Bxd5 {[%emt 0:08:30]} 21. exd5 {[%emt 0:00:30]} Bf6 {[%emt 0:02:54]} 22. c4 {[%emt 0:02:30]} Na4 {[%emt 0:03:33]} 23. Qe3 {[%emt 0:01:30]} Rh8 {[%emt 0:02:06]} 24. Rc2 {[%emt 0:01:30]} b6 {[%emt 0:00:33]} 25. Nd2 {[%emt 0:02:30]} a5 {[%emt 0:02:08]} 26. a3 {[%emt 0:02:30]} Nc5 {[%emt 0:03:42]} 27. b4 {[%emt 0:00:30]} axb4 {[%emt 0:00:55]} 28. axb4 {[%emt 0:00:30]} Nd7 {[%emt 0:00:00]} 29. Ne4 {[%emt 0:00:30]} Ra8 {[%emt 0:00:31]} 30. Rdd2 {[%emt 0:03:30]} Ke7 {[%emt 0:02:07]} 31. Ra2 {[%emt 0:00:30]} Qb7 {[%emt 0:01:53]} 32. Be2 {[%emt 0:03:42]} Rhc8 {[%emt 0:03:24]} 33. Rxa8 {[%emt 0:01:50]} Rxa8 {[%emt 0:01:49]} 34. Qb3 {[%emt 0:00:15]} g6 {[%emt 0:01:42]} 35. fxg6 {[%emt 0:01:10]} fxg6 {[%emt 0:00:05]} 36. Ra2 {[%emt 0:01:14]} Bg7 {[%emt 0:00:20]} 37. Nxd6 {[%emt 0:10:47]} Kxd6 {[%emt 0:00:59]} 38. c5+ {[%emt 0:00:04]} Ke7 {[%emt 0:02:01]} 39. c6 {[%emt 0:00:05]} Rxa2 {[%emt 0:00:13]} 40. d6+ {[%emt 0:00:00]} Kd8 {[%emt 0:01:05]} 41. cxb7 {[%emt 0:01:53]} 1-0

[Event "TUR-chT Superleague 2018"]
[Site "Ankara"]
[Date "2018.07.29"]
[Round "5"]
[White "Tukhaev, Adam"]
[Black "Kanmazalp, Ogulcan"]
[Result "1-0"]
[WhiteElo "2542"]
[BlackElo "2481"]
[Annotator "TA"]
[PlyCount "169"]
[EventDate "2018.07.25"]
[EventType "team-tourn"]
[EventCountry "TUR"]
[SourceTitle "playchess.com"]
[Source "ChessBase"]
[SourceQuality "1"]

{[%evp 30,169,0,0,0,0,0,-33,-24,-54,-52,-57,-56,-62,-54,-74,-64,-82,-53,-126,-101,-207,-154,-154,-154,-159,-162,-159,-157,-187,-150,-164,0,-167,0,-170,-149,-162,-141,-148,-145,-133,-120,-109,-103,-91,-99,-102,-103,-107,-102,-101,0,-80,0,-85,-82,-82,-82,-82,-82,-82,-82,-82,-82,-82,-85,-89,-89,-102,-102,-96,-96,-105,-34,-34,-19,-26,-27,-27,-27,-93,-8,-8,0,0,0,-26,-8,-8,-8,-16,-16,-27,-8,-27,-8,-27,-12,-83,0,-8,0,0,0,-158,-8,-8,0,0,0,0,0,0,8,0,29972,29971,5114,12797,29987,29988,29988,29989,29989,29990,29990,29991,29991,0,29990,29991,29991,29992,29992,29993,29993,29994,29997,29998,29998,29999]} 1. e4 e6 2. d4 d5 3. Nc3 Nf6 4. e5 Nfd7 5. f4 c5 6. Nf3 Nc6 7. Be3 cxd4 8. Nxd4 Qb6 9. Qd2 Qxb2 10. Rb1 Qa3 11. Bb5 Nxd4 {C11: French: Classical System: 4 e5 and 4 Bg5 dxe4} 12. Bxd4 a6 13. Bxd7+ Bxd7 14. Rb3 Qe7 15. Rxb7 Rc8 16. O-O {[%cal Bh1f1,Bf1f3,Bf3g3][%mdl 32] LiveBook: 35 Games} Qd8 17. Ne2 Be7 {[#]} 18. Rf3 $146 ({Predecessor:} 18. Bb6 Bc5+ 19. Bxc5 Rxc5 20. Rfb1 O-O 21. Nd4 Qc8 22. R7b4 Qc7 23. Rb7 Qc8 24. R7b4 Qc7 25. Rb7 {½-½ (25) Kryvoruchko,Y (2692)-Popov,I (2609) Antalya 2017}) 18... Rc4 19. Rg3 Qc8 20. Rb2 $1 g6 21. Bf2 O-O 22. Bd4 Qc7 23. Rh3 Bc5 24. Rbb3 (24. c3 $15) 24... Rc8 25. Rbf3 (25. c3 $17) 25... Ba4 {[%cal Bd7a4,Ba4c2,Bc2e4][%mdl 32]} 26. c3 {[#] With the idea f5!} Bc2 $1 {[%mdl 512]} 27. Bxc5 (27. Qxc2 Bxd4+) 27... Qxc5+ 28. Nd4 Be4 29. Re3 Rb8 30. Re1 Rc8 31. Ree3 Rb8 32. Re1 $1 Qb6 33. Rhe3 Qb2 34. R1e2 Qxd2 35. Rxd2 Rb1+ 36. Kf2 Rc1 37. Ne2 Ra1 38. Nd4 Ra4 39. Ree2 Rc1 40. Re3 Ra1 41. Ree2 Rc1 42. Re3 Bb1 43. Rb2 Rxa2 44. Rxa2 Bxa2 $17 {[%mdl 4096] Endgame KRB-KRN} 45. Re2 Bc4 46. Rb2 Bb5 ({Don't play} 46... Rxc3 $6 47. Rb8+ Kg7 48. Rb7 $11) 47. Nxb5 axb5 48. Rxb5 {KR-KR} Rc2+ 49. Kf3 Rxc3+ 50. Kf2 Rc4 51. Kf3 g5 (51... h6 $17 {aiming for ...g5.} 52. h4 Kg7) 52. fxg5 $15 Re4 53. g4 Rxe5 54. h4 Kg7 55. Rb7 (55. Rb3 $11) 55... Re1 ({Better is} 55... d4 $1 $17 56. Rd7 Re3+ 57. Kf4 Re1) 56. h5 $11 Rf1+ 57. Kg2 Re1 {White must now prevent ...Re5.} 58. Kf3 Re5 59. Kf4 Re4+ 60. Kf3 Re1 61. Rd7 Rd1 62. Kf4 Rd4+ 63. Kf3 e5 64. Rd6 {[#]} (64. Kg3 $11 {keeps the balance.}) 64... Rd3+ ({Black should try} 64... Kf8 $1 $17 65. Rf6 Ke7) 65. Kg2 e4 66. h6+ $1 Kf8 {Hoping for ...e3.} 67. Rd8+ Ke7 68. Rh8 e3 69. Kf3 Rd4 70. g6 (70. Rxh7 Re4 $19) 70... fxg6 71. Rxh7+ Kd6 72. Rg7 ({Much less strong is} 72. Kxe3 Rxg4 73. Rh8 Re4+ 74. Kf3 Re7 $16) 72... Re4 $2 {[%mdl 8192]} (72... Rxg4 $11 73. Kxg4 e2 74. Rxg6+ Ke7) 73. h7 e2 74. h8=Q {Qb8+ would kill now.} e1=Q {KQR-KQR} 75. Qb8+ Kc5 76. Rc7+ Kd4 77. Qb2+ Kd3 78. Qc2+ Kd4 79. Qb2+ Kd3 {Strongly threatening ...Qe3+.} 80. Qa3+ {White mates.} Kd4 {[#]} 81. Qc5+ $1 Ke5 82. Re7+ Kf6 83. Qd6+ Re6 {[#]} 84. g5+ $1 {[%mdl 512]} Kxg5 85. Qf4+ {Precision: White = 58%, Black = 58%.} 1-0

[Event "TUR-chT Superleague 2018"]
[Site "Ankara"]
[Date "2018.07.29"]
[Round "5"]
[White "Ali Marandi, Cemil Can"]
[Black "Abasov, Nijat"]
[Result "1/2-1/2"]
[WhiteElo "2540"]
[BlackElo "2623"]
[Annotator "TA"]
[PlyCount "42"]
[EventDate "2018.07.25"]
[EventType "team-tourn"]
[EventCountry "TUR"]
[SourceTitle "playchess.com"]
[Source "ChessBase"]
[SourceQuality "1"]

{[%evp 20,42,9,3,19,24,19,21,30,27,27,0,0,0,0,0,0,0,0,0,0,0,0,0,0]} 1. Nf3 Nf6 2. c4 g6 3. Nc3 d5 4. cxd5 Nxd5 5. Qa4+ Nc6 6. Ne5 Qd6 {A16: English Opening: 1...Nf6 with ...d5} 7. Nxc6 Qxc6 8. Qxc6+ bxc6 9. g3 Bg7 10. Bg2 Be6 11. b3 {LiveBook: 31 Games} O-O 12. Bb2 Nb4 13. O-O Rfd8 14. d3 Bg4 15. f3 Bd4+ {The position is equal.} 16. Kh1 Be6 17. Na4 {[#]} Be3 $146 18. Bc1 Bd4 19. Bb2 Be3 20. Bc1 Bd4 21. Bb2 Be3 1/2-1/2

[Event "TUR-chT Superleague 2018"]
[Site "Ankara"]
[Date "2018.07.29"]
[Round "5"]
[White "Muzychuk, Mariya"]
[Black "Yildiz Kadioglu, Betul Cemre"]
[Result "1-0"]
[WhiteElo "2521"]
[BlackElo "2323"]
[Annotator "TA"]
[PlyCount "85"]
[EventDate "2018.07.25"]
[EventType "team-tourn"]
[EventCountry "TUR"]
[SourceTitle "playchess.com"]
[Source "ChessBase"]
[SourceQuality "1"]

{[%evp 29,85,10,0,-79,-31,-31,-26,-25,-34,-25,6,-3,43,56,41,27,44,10,16,20,22,31,133,121,120,76,82,92,127,144,147,138,141,144,137,138,162,162,162,137,139,136,199,165,187,162,542,543,543,528,641,636,636,619,679,673,667,653]} 1. d4 d5 2. c4 e6 3. Nc3 c6 4. e3 Nf6 5. Nf3 Nbd7 6. Qc2 Bd6 7. Bd3 O-O 8. O-O dxc4 9. Bxc4 b5 10. Be2 Bb7 11. Rd1 Qc7 12. e4 e5 {D46: Semi-Slav: 5 e3 Nbd7 6 Bd3, Black avoids the Meran} 13. g3 Rfe8 14. dxe5 Nxe5 15. Nd4 (15. Bg5 Neg4 16. Rac1 Bc5 17. Bxf6 Bxf2+ 18. Kh1 gxf6 19. Nxb5 Qe7 20. Nd6 {½-½ (45) Dragun,K (2572)-Shirov,A (2702) Riga 2015}) 15... Bc5 {LiveBook: 4 Games} 16. h3 $146 (16. Nf5 $11) ({Predecessor:} 16. Nb3 Bb6 17. Bf4 Qc8 18. Kg2 Ng6 19. Bg5 Ng4 20. Nd4 Bxd4 21. Rxd4 {0-1 (46) Garriga Cazorla,P (2403)-Santos Latasa,J (2522) Roquetas de Mar 2016}) 16... Qb6 17. Be3 Rad8 {[%cal Rc5d4]} 18. Nf5 {Na4 is the strong threat.} Bxe3 19. Nxe3 Ng6 20. Nf5 Qc5 {Threatens to win with ...b4.} 21. Rxd8 Rxd8 22. Rd1 Rf8 23. Qd3 b4 24. Na4 Qa5 $1 {[%cal Ra5a4]} 25. b3 $36 {[%cal Bb2b3,Bb3a4][%mdl 2080] White has good play.} c5 ({Black should play} 25... Bc8 $1 $14) 26. Nd6 Bc6 27. Qc2 Bxa4 28. bxa4 Qc7 {With the idea ...Rd8.} 29. f4 Rd8 30. e5 Ne8 31. Nxe8 Rxe8 {[#]} 32. Rd5 $1 Ne7 33. Rxc5 Qd7 34. Bg4 Qd4+ {[#]} 35. Qf2 $1 {[%cal Rf2d4]} Qa1+ (35... Qd8 $16 {was worth a try.} 36. a5 a6) 36. Kg2 Rd8 37. Rc2 Nd5 $2 (37... Qb1 {is more resistant.} 38. Kh2 a5) 38. Rd2 $18 {White is clearly winning.} Qc3 39. Kh2 Qc7 40. Qd4 Qc3 41. Be2 Rd7 42. Bb5 Rd8 43. Bc4 {Precision: White = 71%, Black = 36%.} 1-0

[Event "TUR-chT Superleague 2018"]
[Site "Ankara"]
[Date "2018.07.29"]
[Round "5"]
[White "Benidze, Davit"]
[Black "Yilmazyerli, Mert"]
[Result "1/2-1/2"]
[WhiteElo "2487"]
[BlackElo "2491"]
[Annotator "TA"]
[PlyCount "36"]
[EventDate "2018.07.25"]
[EventType "team-tourn"]
[EventCountry "TUR"]
[SourceTitle "playchess.com"]
[Source "ChessBase"]
[SourceQuality "1"]

{[%evp 16,36,4,6,10,15,-6,0,0,16,12,-18,-2,-25,8,-29,0,-24,6,-15,0,-20,14]} 1. Nf3 g6 2. g3 Bg7 3. Bg2 c5 4. O-O Nc6 5. c4 Nh6 6. Nc3 Nf5 7. d3 O-O 8. Rb1 a6 9. a3 Rb8 {A30: Englische Eröffnung (Symmetrische Variante)} (9... b5 10. cxb5 axb5 11. Nxb5 Qb6 12. a4 Ba6 13. g4 Nh6 14. h3 f5 15. Nh2 e6 16. Be3 f4 17. Bd2 Bxb5 18. axb5 Qxb5 {½-½ (60) Braun,A (2529)-Petrosian,T (2616) Plovdiv 2008}) 10. Ne4 d6 11. b4 cxb4 $146 ({Vorgänger:} 11... b6 12. b5 axb5 13. cxb5 Ncd4 14. Nxd4 Nxd4 15. e3 Ne6 16. Bb2 Bb7 17. Bxg7 Kxg7 {0-1 (62) Hajny,M (2134)-Machlowski,S (2047) Czechia 2005}) 12. axb4 b5 13. cxb5 axb5 14. Bd2 Ne5 15. Ne1 Nc6 16. Nf3 Ne5 17. Ne1 Nc6 18. Nf3 Ne5 {Precision: Weiß = 38%, Schwarz = 38%.} 1/2-1/2

[Event "TUR-chT Superleague 2018"]
[Site "Ankara"]
[Date "2018.07.29"]
[Round "5"]
[White "Atalik, Ekaterina"]
[Black "Mammadzada, Gunay"]
[Result "0-1"]
[WhiteElo "2461"]
[BlackElo "2426"]
[Annotator "ChessBase"]
[PlyCount "102"]
[EventDate "2018.07.25"]
[EventType "team-tourn"]
[EventCountry "TUR"]
[SourceTitle "playchess.com"]
[Source "ChessBase"]
[SourceQuality "1"]
[TimeControl "40/5400+30:1800+30"]

1. d4 {[%emt 0:00:30]} d5 {[%emt 0:01:00]} 2. c4 {[%emt 0:00:30]} c6 {[%emt 0:00:30]} 3. Nf3 {[%emt 0:00:30]} Nf6 {[%emt 0:00:30]} 4. g3 {[%emt 0:00:00]} dxc4 {[%emt 0:00:00]} 5. Bg2 {[%emt 0:00:00]} Nbd7 {[%emt 0:00:00]} 6. a4 {[%emt 0:00:30]} a5 {[%emt 0:01:30]} 7. O-O {[%emt 0:02:30]} g6 {[%emt 0:03:30]} 8. Qc2 {[%emt 0:00:30]} Nb6 {[%emt 0:00:30]} 9. e4 {[%emt 0:00:30]} Bg7 {[%emt 0:01:30]} 10. Na3 {[%emt 0:00:30]} O-O {[%emt 0:03:30]} 11. Rd1 {[%emt 0:01:30]} Be6 {[%emt 0:18:30]} 12. Be3 {[%emt 0:02:30]} Ne8 {[%emt 0:06:30]} 13. Ng5 {[%emt 0:06:30]} Bg4 {[%emt 0:03:30]} 14. f3 {[%emt 0:01:30]} Bd7 {[%emt 0:00:30]} 15. Nxc4 {[%emt 0:03:30]} Nxc4 {[%emt 0:06:30]} 16. Qxc4 {[%emt 0:00:00]} Nd6 {[%emt 0:00:30]} 17. Qe2 {[%emt 0:03:00]} h6 {[%emt 0:10:30]} 18. Nh3 {[%emt 0:01:30]} Be6 {[%emt 0:01:30]} 19. Bf2 {[%emt 0:19:30]} Bb3 {[%emt 0:07:30]} 20. Rdc1 {[%emt 0:03:30]} Qb6 {[%emt 0:11:30]} 21. e5 {[%emt 0:12:30]} Nf5 {[%emt 0:01:30]} 22. d5 {[%emt 0:02:30]} Nd4 {[%emt 0:02:34]} 23. Qe4 {[%emt 0:03:30]} c5 {[%emt 0:00:07]} 24. Nf4 {[%emt 0:03:30]} Rfd8 {[%emt 0:05:24]} 25. h4 {[%emt 0:06:30]} g5 {[%emt 0:01:02]} 26. hxg5 {[%emt 0:00:30]} hxg5 {[%emt 0:00:01]} 27. Bxd4 {[%emt 0:04:30]} cxd4 {[%emt 0:00:31]} 28. Nd3 {[%emt 0:00:30]} Bxd5 {[%emt 0:01:13]} 29. Qf5 {[%emt 0:00:30]} Qh6 {[%emt 0:05:53]} 30. Rc7 {[%emt 0:06:03]} g4 {[%emt 0:01:52]} 31. Re1 {[%emt 0:05:02]} Be6 {[%emt 0:03:34]} 32. Qe4 {[%emt 0:02:28]} gxf3 {[%emt 0:00:10]} 33. Qxf3 {[%emt 0:01:40]} Rac8 {[%emt 0:01:27]} 34. Rxc8 {[%emt 0:03:06]} Rxc8 {[%emt 0:00:01]} 35. Nf4 {[%emt 0:00:01]} b6 {[%emt 0:01:43]} 36. Qb7 {[%emt 0:01:59]} Rc2 {[%emt 0:01:20]} 37. Qe4 {[%emt 0:02:25]} Rxb2 {[%emt 0:00:49]} 38. Qxd4 {[%emt 0:00:25]} Rb4 {[%emt 0:00:06]} 39. Qd8+ {[%emt 0:00:24]} Bf8 {[%emt 0:00:13]} 40. Rf1 {[%emt 0:00:00]} Rb2 {[%emt 0:01:30]} 41. Qd3 {[%emt 0:13:27]} Rb3 {[%emt 0:02:30]} 42. Qe4 {[%emt 0:06:12]} Rxg3 {[%emt 0:01:30]} 43. Nxe6 {[%emt 0:02:43]} Qxe6 {[%emt 0:01:30]} 44. Rc1 {[%emt 0:08:37]} Rg4 {[%emt 0:04:30]} 45. Qe2 {[%emt 0:01:29]} Rg5 {[%emt 0:02:30]} 46. Re1 {[%emt 0:01:18]} Bg7 {[%emt 0:00:30]} 47. Qd2 {[%emt 0:00:45]} Rxe5 {[%emt 0:01:29]} 48. Qd8+ {[%emt 0:00:38]} Kh7 {[%emt 0:00:18]} 49. Qd3+ {[%emt 0:00:00]} Qg6 {[%emt 0:00:36]} 50. Qh3+ {[%emt 0:00:38]} Rh5 {[%emt 0:00:17]} 51. Qd7 {[%emt 0:00:30]} Rh4 {[%emt 0:03:33]} 0-1

[Event "TUR-chT Superleague 2018"]
[Site "Ankara"]
[Date "2018.07.29"]
[Round "5"]
[White "Ivic, Velimir"]
[Black "Haznedaroglu, Kivanc"]
[Result "1/2-1/2"]
[WhiteElo "2432"]
[BlackElo "2472"]
[Annotator "TA"]
[PlyCount "71"]
[EventDate "2018.07.25"]
[EventType "team-tourn"]
[EventCountry "TUR"]
[SourceTitle "playchess.com"]
[Source "ChessBase"]
[SourceQuality "1"]

{[%evp 22,71,72,67,85,72,79,73,92,86,195,184,177,179,178,166,171,43,40,39,93,79,92,71,54,56,70,0,0,0,75,12,73,41,15,14,120,123,117,77,86,73,73,81,64,60,56,0,74,0,50,0]} 1. e4 c5 2. Nf3 Nc6 3. d4 cxd4 4. Nxd4 Qb6 5. Nb3 Nf6 6. Nc3 e6 7. Be3 Qc7 8. a3 a6 9. f4 d6 10. g4 {B33: Sicilian: Pelikan and Sveshnikov Variations} b5 11. g5 Nd7 12. h4 {[%cal Bh2h4,Bh4h5][%mdl 32] LiveBook: 3 Games. White is better.} Be7 (12... Bb7 13. h5 Nb6 14. Qf3 b4 15. Qf2 bxc3 16. Bxb6 Qc8 17. bxc3 Be7 {1-0 (41) Bogner,S (2599)-Naiditsch,A (2702) Douglas 2017}) 13. h5 Rb8 $146 ({Predecessor:} 13... b4 14. axb4 Nxb4 15. Rg1 Rb8 16. Nd4 Nc5 {0-1 (29) Rositsan,B (2086)-Zsiltzova Lisenko,L (2268) Katerini 2014}) 14. Qd2 Nb6 15. Nd4 b4 (15... Bd7 $16) 16. Nxc6 $18 Qxc6 17. axb4 Nc4 18. Bxc4 $1 Qxc4 19. Qd4 (19. Ra4 $18) 19... Qxd4 $14 20. Bxd4 {Black must now prevent h6.} O-O (20... Rxb4 $14 21. Bxg7 Rg8) 21. h6 g6 22. Bf6 Bxf6 23. gxf6 d5 24. exd5 (24. b5 $14) 24... Rxb4 $11 25. O-O-O Bb7 (25... Rxf4 $11 26. Rhf1 Rh4) 26. Rhe1 (26. Rhf1 $16) 26... exd5 27. Nxd5 Bxd5 28. Rxd5 {[%mdl 4096] Endgame KRR-KRR} Rb6 (28... Rxf4 $11 29. Rd6 Rh4) 29. Re4 Rxf6 30. b3 Rb8 31. Kb2 Kf8 32. c4 Rfb6 33. Re3 Rf6 $1 34. Re4 Rfb6 $1 35. Re3 Rf6 $1 36. Re4 {Precision: White = 62%, Black = 54%.} 1/2-1/2

[Event "TUR-chT Superleague 2018"]
[Site "Ankara"]
[Date "2018.07.29"]
[Round "5"]
[White "Shuvalova, Polina"]
[Black "Ozbay, Ece"]
[Result "1-0"]
[WhiteElo "2417"]
[BlackElo "2140"]
[Annotator "TA"]
[PlyCount "63"]
[EventDate "2018.07.25"]
[EventType "team-tourn"]
[EventCountry "TUR"]
[SourceTitle "playchess.com"]
[Source "ChessBase"]
[SourceQuality "1"]

{[%evp 15,63,15,27,10,104,30,35,14,68,64,57,60,72,51,87,62,114,120,98,0,0,-21,-14,-12,-14,-100,-111,-109,-103,-142,-133,-129,-135,-150,-132,-143,-95,-64,0,-13,0,0,769,770,690,701,1139,1214,1408,1394]} 1. e4 c5 2. Nf3 e6 3. Nc3 Nc6 4. Bb5 Nd4 5. O-O Nxb5 6. Nxb5 a6 {B30: Sicilian: 2...Nc6 3 Bb5, lines without ...g6} 7. Nc3 b5 8. d4 {[%cal Bd2d4,Bd4d5][%mdl 32]} Bb7 {LiveBook: 3 Games. The position is equal.} (8... cxd4 9. Qxd4 Ne7 10. Bf4 Nc6 11. Qd3 Be7 12. Rad1 O-O 13. Bd6 Bxd6 14. Qxd6 {½-½ (47) Grischuk,A (2785)-Dubov,D (2624) Moscow 2013}) 9. d5 d6 $146 {[#]} (9... Ne7 $11 {remains equal.}) ({Predecessor:} 9... b4 10. Ne2 h6 11. c4 bxc3 12. Nxc3 d6 13. Be3 {1-0 (35) Goebel,M (1057)-Ducharme,S (940) LSS email 2011}) 10. Qd3 (10. dxe6 $1 $16 {Strongly threatening Ng5.} fxe6 11. Ng5) 10... e5 11. a3 {[%cal Ba2a3,Ba3b4][%mdl 32]} h6 (11... Be7 $11) 12. b4 $14 cxb4 13. axb4 Rc8 14. Be3 Qd7 15. Nd2 g5 ({Black should play} 15... Be7 $14) 16. Ne2 f5 17. f4 ({Better is} 17. exf5 $16 Ne7 18. Ne4 Nxd5 19. Rfd1) 17... gxf4 $11 18. Nxf4 exf4 19. Bd4 Bg7 {Threatens to win with ...Be5.} 20. Rxf4 (20. Rae1 $11 {keeps the balance.}) 20... Nf6 $17 {[%cal Bg8f6,Bf6h7,Bh7g5][%mdl 32]} 21. Rxf5 {[#]} O-O $1 22. h3 Nh7 23. Rxf8+ Rxf8 24. c4 Ng5 {White must now prevent ...bxc4.} 25. Ra3 Bc8 26. c5 Bxd4+ (26... Re8 $15) 27. Qxd4 $11 Qf7 28. h4 {[%cal Bh3h4,Bh4g5][%mdl 32]} Nh7 $2 {[%mdl 8192]} (28... Qh5 $11 29. hxg5 Qd1+ 30. Kh2 dxc5 31. bxc5 Qh5+ 32. Kg1 Qd1+ 33. Kh2 Qh5+ 34. Kg1 Qd1+ 35. Kh2) 29. Rg3+ $18 {White is clearly winning.} Ng5 30. hxg5 h5 31. Rf3 Qe7 32. Rf6 {Precision: White = 47%, Black = 37%.} 1-0